00391nam a2200133Ia 450000500170000000800410001702000180005808200200007610000330009624500520012926000270018130000130020865000360022120250327082741.0231217s9999 xx 000 0 und d a9788131408674 a338.9 RAO;1 R aRao, Pramod. Varma, Anil ed. 0aGlobalization : indian financial sector reforms c2007bIcfaiaHyderabad axii, 205 aGlobalization,financial,reforms